| 000 | 01070nam a22002177a 4500 | ||
|---|---|---|---|
| 005 | 20210325205452.0 | ||
| 008 | s2554 th ||||| |||| 00| 0 tha d | ||
| 050 | _aTK6570.M6 ค123อ 2554 | ||
| 245 | 1 | 0 | _aเอกสารประกอบการสัมมนาทางวิชาการ 3G ภาค 2 |
| 260 | 3 |
_aกรุงเทพฯ : _bสำนักการพิมพ์ สำนักงานเลขาธิการวุฒิสภา, _c2554 |
|
| 300 |
_a85 หน้า : _b ตาราง ; _c 29 ซม. |
||
| 610 | _aคณะกรรมการวิจัยและพัฒนาของวุฒิสภา | ||
| 650 | 0 | 4 | _aเทคโนโลยี 3 จี |
| 650 | 0 | 4 | _aระบบสื่อสารไร้สาย |
| 650 | 0 | 4 | _aโทรศัพท์เคลื่อนที่ |
| 850 | _aNALT | ||
| 942 | _cGB | ||
| 997 | _aบ 23844 | ||
| 997 | _c000000000063596 | ||
| 998 | _aนางสุกัญญา กัลยา | ||
| 999 |
_c63596 _d63596 |
||